[Event "Montcalm III 2008-09"]
[Site "Quebec CAN"]
[Date "2008.11.13"]
[Round "1"]
[White "Imbeault, David"]
[Black "Cournoyer, Dominic"]
[Result "1/2-1/2"]
[WhiteElo "1499"]
[BlackElo "1958"]
[PlyCount "133"]
[GameId "2160767910294375"]
[EventDate "2008.11.13"]
[EventType "swiss"]
[EventRounds "5"]
[EventCountry "CAN"]
[SourceTitle "EXT 2011"]
[Source "ChessBase"]
[SourceDate "2011.11.26"]
[SourceVersion "1"]
[SourceVersionDate "2011.11.26"]
[SourceQuality "1"]

1. d4 f5 2. c4 Nf6 3. Nc3 g6 4. Nf3 Bg7 5. Bf4 O-O 6. e3 d6 7. Bd3 Qe8 8. O-O Nh5 9. Re1 Nxf4 10. exf4 Nc6 11. Bc2 Bd7 12. a3 Qd8 13. Qd2 e6 14. Rad1 Qf6 15. b4 Ne7 16. Bb3 Kh8 17. Rc1 Rad8 18. Qe3 Rfe8 19. c5 Nc6 20. Ne2 e5 21. fxe5 dxe5 22. dxe5 Nxe5 23. Nxe5 Rxe5 24. Qg3 Bb5 25. Nf4 Rde8 26. Rxe5 Rxe5 27. Rd1 Bh6 28. h4 Qe7 29. Nd5 Re1+ 30. Rxe1 Qxe1+ 31. Kh2 Bg7 32. Qe3 Be5+ 33. g3 Qxe3 34. Nxe3 Bb2 35. a4 Bd7 36. Bd5 c6 37. Bc4 a6 38. Kg2 Bc3 39. Nc2 f4 40. Bd3 fxg3 41. fxg3 Be6 42. b5 a5 43. Be4 cxb5 44. axb5 Bc8 45. Kf3 Kg7 46. Bxb7 Bxb7+ 47. c6 Bxc6+ 48. bxc6 Be5 49. Ke4 Bxg3 50. Na3 Kf7 51. Kd5 Ke7 52. Nc4 a4 53. Kc5 a3 54. Nxa3 Bxh4 55. Nb5 Bf2+ 56. Kd5 Kd8 57. Ke6 Bg3 58. Nd4 Kc7 59. Kf6 Bf2 60. Ne6+ Kxc6 61. Nf8 Bh4+ 62. Ke5 g5 63. Nxh7 g4 64. Kf4 g3 65. Kf3 Kd5 66. Ng5 Bxg5 67. Kxg3 1/2-1/2

[Event "Montcalm III 2008-09"]
[Site "Quebec CAN"]
[Date "2008.11.20"]
[Round "2"]
[White "Caron, Sebastien"]
[Black "Caire, Francois"]
[Result "0-1"]
[WhiteElo "1918"]
[BlackElo "2196"]
[PlyCount "110"]
[GameId "2160767910294376"]
[EventDate "2008.11.13"]
[EventType "swiss"]
[EventRounds "5"]
[EventCountry "CAN"]
[SourceTitle "EXT 2011"]
[Source "ChessBase"]
[SourceDate "2011.11.26"]
[SourceVersion "1"]
[SourceVersionDate "2011.11.26"]
[SourceQuality "1"]

1. e4 e5 2. Nf3 Nc6 3. Bb5 a6 4. Ba4 Nf6 5. O-O Be7 6. Re1 b5 7. Bb3 d6 8. c3 O-O 9. h3 Nd7 10. d4 Bf6 11. d5 Ne7 12. Nbd2 Ng6 13. Nf1 Nf4 14. Kh2 Nb6 15. Ng1 Ng6 16. Ne3 Bg5 17. Bc2 Bf4+ 18. g3 Bxe3 19. Bxe3 f5 20. Bxb6 cxb6 21. exf5 Bxf5 22. Bxf5 Rxf5 23. Rf1 Qc7 24. Qe2 Ne7 25. Rad1 Qc5 26. f3 Raf8 27. Qe4 R5f6 28. Rd3 Nf5 29. Ne2 Nh6 30. b3 Nf7 31. Qe3 e4 32. Qxc5 bxc5 33. Re3 exf3 34. Rexf3 Rxf3 35. Rxf3 Re8 36. Nf4 Re1 37. Kg2 Ra1 38. Rf2 Rc1 39. Re2 Ne5 40. Ne6 Rxc3 41. Rf2 h5 42. Rf8+ Kh7 43. Rf2 c4 44. b4 Rd3 45. Nf4 Rd1 46. Rc2 Nd3 47. Nxd3 Rxd3 48. Kf2 Rxd5 49. Ke3 Rd1 50. Kf4 d5 51. Kg5 d4 52. Kxh5 d3 53. Rf2 c3 54. g4 c2 55. Rf8 g6+ 0-1

[Event "Montcalm III 2008-09"]
[Site "Quebec CAN"]
[Date "2008.11.20"]
[Round "2"]
[White "Cummins, Paul"]
[Black "Lessard, Claude"]
[Result "0-1"]
[WhiteElo "1713"]
[BlackElo "2076"]
[PlyCount "104"]
[GameId "2160767910294377"]
[EventDate "2008.11.13"]
[EventType "swiss"]
[EventRounds "5"]
[EventCountry "CAN"]
[SourceTitle "EXT 2011"]
[Source "ChessBase"]
[SourceDate "2011.11.26"]
[SourceVersion "1"]
[SourceVersionDate "2011.11.26"]
[SourceQuality "1"]

1. e4 e6 2. Qe2 c5 3. Nc3 Nc6 4. Nf3 g6 5. d3 Bg7 6. g3 Nge7 7. Bg2 a6 8. O-O O-O 9. Bg5 f6 10. Be3 d6 11. Qd2 b5 12. Bh6 e5 13. Be3 Be6 14. Ne2 Rc8 15. c3 Qd7 16. Rfe1 Bh3 17. Bh1 Bg4 18. d4 Bxf3 19. Bxf3 cxd4 20. cxd4 f5 21. exf5 gxf5 22. dxe5 Nxe5 23. Bg2 Nc4 24. Bd5+ Nxd5 25. Qxd5+ Kh8 26. Bd4 Bxd4 27. Qxd4+ Qg7 28. Qxg7+ Kxg7 29. Nf4 Kf7 30. Re2 Ne5 31. Rd1 Rc6 32. Kg2 Rfc8 33. b3 a5 34. Rd5 Rb6 35. Red2 Rcc6 36. Ne2 Kf6 37. f4 Ng4 38. R5d3 Ke7 39. h3 Nf6 40. Nd4 Rc5 41. Re2+ Kf7 42. Ne6 Rc8 43. Nd4 Rc5 44. Ne6 Rc8 45. Nd4 Kg6 46. Re7 a4 47. Ra7 axb3 48. Rxb3 b4 49. Ra4 Rc4 50. Ne2 Ne4 51. a3 Rc2 52. Kf3 Nd2+ 0-1

[Event "Montcalm III 2008-09"]
[Site "Quebec CAN"]
[Date "2008.11.20"]
[Round "2"]
[White "Plante, Rejean"]
[Black "Bourassa, Andre"]
[Result "1-0"]
[WhiteElo "2047"]
[BlackElo "1791"]
[PlyCount "107"]
[GameId "2160767910294378"]
[EventDate "2008.11.13"]
[EventType "swiss"]
[EventRounds "5"]
[EventCountry "CAN"]

1. d4 d5 2. c4 e6 3. Nc3 dxc4 4. e4 c5 5. Nf3 cxd4 6. Nxd4 Nc6 7. Be3 Bb4 8. Bxc4 Nge7 9. O-O O-O 10. Rc1 Nxd4 11. Bxd4 Nc6 12. Be3 Qf6 13. f4 Rd8 14. Qe1 Na5 15. Be2 b6 16. Qf2 Bb7 17. e5 Qe7 18. Nb5 Bd2 19. Rc7 Qb4 20. Nd6 Rxd6 21. exd6 Qxd6 22. Rc2 Bxe3 23. Qxe3 Nc6 24. Rd1 Qe7 25. a3 Rd8 26. Rdc1 g6 27. Rxc6 Bxc6 28. Rxc6 Qd7 29. Qc3 Qd4+ 30. Qxd4 Rxd4 31. Bc4 Rxf4 32. b3 Rf6 33. Rc7 a5 34. Rc6 Kg7 35. Rxb6 Rf5 36. Rb5 Rxb5 37. Bxb5 Kf6 38. Kf2 Ke5 39. Ke3 g5 40. b4 axb4 41. axb4 Kd5 42. Kd3 f5 43. Bc4+ Kd6 44. b5 e5 45. b6 Kc6 46. Be6 f4 47. Ke4 Kxb6 48. Kxe5 Kc6 49. Bd5+ Kc5 50. Bf3 h6 51. Kf5 Kd4 52. Kg6 Ke5 53. Kxh6 Kf5 54. h3 1-0

[Event "Montcalm III 2008-09"]
[Site "Quebec CAN"]
[Date "2008.11.27"]
[Round "3"]
[White "Caire, Francois"]
[Black "Lessard, Claude"]
[Result "1-0"]
[WhiteElo "2196"]
[BlackElo "2076"]
[PlyCount "43"]
[GameId "2160767910294379"]
[EventDate "2008.11.13"]
[EventType "swiss"]
[EventRounds "5"]
[EventCountry "CAN"]
[SourceTitle "EXT 2011"]
[Source "ChessBase"]
[SourceDate "2011.11.26"]
[SourceVersion "1"]
[SourceVersionDate "2011.11.26"]
[SourceQuality "1"]

1. d4 d5 2. Nf3 Nf6 3. c4 c6 4. Nc3 e6 5. e3 Nbd7 6. Bd3 dxc4 7. Bxc4 b5 8. Bb3 Bb7 9. O-O a6 10. Re1 c5 11. e4 cxd4 12. Nxd4 Bb4 13. e5 Bxc3 14. bxc3 Nd5 15. Qg4 g6 16. Nxe6 Qb6 17. Ng5 Nc5 18. Qf3 O-O-O 19. Nxf7 Nxb3 20. axb3 Rhf8 21. Bh6 Ne7 22. Nd6+ 1-0

[Event "Montcalm III 2008-09"]
[Site "Quebec CAN"]
[Date "2008.11.27"]
[Round "3"]
[White "Perron, Jonathan"]
[Black "Cournoyer, Dominic"]
[Result "1-0"]
[WhiteElo "1924"]
[BlackElo "1958"]
[PlyCount "79"]
[GameId "2160767910294380"]
[EventDate "2008.11.13"]
[EventType "swiss"]
[EventRounds "5"]
[EventCountry "CAN"]
[SourceTitle "EXT 2011"]
[Source "ChessBase"]
[SourceDate "2011.11.26"]
[SourceVersion "1"]
[SourceVersionDate "2011.11.26"]
[SourceQuality "1"]

1. e4 d5 2. exd5 Nf6 3. Bb5+ Bd7 4. Be2 Nxd5 5. d4 g6 6. c4 Nb6 7. Nf3 Bg7 8. Nc3 O-O 9. Bf4 c6 10. c5 Nd5 11. Nxd5 cxd5 12. Qb3 Bc6 13. h4 Nd7 14. Rc1 Re8 15. Qc3 f6 16. Qd2 e5 17. dxe5 Nxe5 18. Nxe5 fxe5 19. Bh6 Qf6 20. Bxg7 Kxg7 21. h5 g5 22. h6+ Kh8 23. Rc3 d4 24. Rg3 Rf8 25. Qxg5 Qxg5 26. Rxg5 e4 27. Rh3 Rf6 28. Bc4 Rg6 29. Rhg3 Rxg5 30. Rxg5 Rd8 31. Rg7 Rf8 32. b3 a6 33. a4 Rd8 34. Rc7 a5 35. Re7 Rf8 36. Rf7 Re8 37. Rf6 Rd8 38. Rd6 Rxd6 39. cxd6 Bd7 40. Bb5 1-0

[Event "Montcalm III 2008-09"]
[Site "Quebec CAN"]
[Date "2008.11.27"]
[Round "3"]
[White "Sauve, Richard"]
[Black "Plante, Rejean"]
[Result "1/2-1/2"]
[WhiteElo "1971"]
[BlackElo "2047"]
[PlyCount "102"]
[GameId "2160767910294381"]
[EventDate "2008.11.13"]
[EventType "swiss"]
[EventRounds "5"]
[EventCountry "CAN"]
[SourceTitle "EXT 2011"]
[Source "ChessBase"]
[SourceDate "2011.11.26"]
[SourceVersion "1"]
[SourceVersionDate "2011.11.26"]
[SourceQuality "1"]

1. d4 Nf6 2. c4 e6 3. Nc3 Bb4 4. Qc2 c5 5. dxc5 Bxc5 6. Nf3 Nc6 7. a3 b6 8. Bg5 Be7 9. e3 Bb7 10. Be2 d6 11. O-O a6 12. Rfd1 Qc7 13. Rd2 O-O 14. Rad1 Rfd8 15. e4 Rac8 16. b4 Na7 17. Rc1 h6 18. Bh4 Nc6 19. Qb1 Qb8 20. Bg3 Ne5 21. Nxe5 dxe5 22. Rcd1 Rxd2 23. Rxd2 Rd8 24. Rxd8+ Bxd8 25. Qd3 Be7 26. Bd1 a5 27. bxa5 bxa5 28. a4 Bc5 29. Kh1 Qc7 30. Nb5 Qc6 31. f3 Nd7 32. Be1 Bb6 33. Nc3 Ba6 34. Nb5 Qc5 35. Qf1 Nb8 36. g3 Nc6 37. Kg2 Nd4 38. Bf2 g5 39. Qd3 Kg7 40. Be3 f6 41. h4 Kf7 42. hxg5 hxg5 43. Qf1 Qb4 44. Qd3 Bxb5 45. cxb5 Qb2+ 46. Qd2 Qa3 47. f4 gxf4 48. gxf4 Qc5 49. fxe5 Qxe5 50. Bf3 f5 51. Bxd4 Qxd4 1/2-1/2

[Event "Montcalm III 2008-09"]
[Site "Quebec CAN"]
[Date "2008.12.04"]
[Round "4"]
[White "Auger, Bertrand"]
[Black "Dube, Daniel"]
[Result "0-1"]
[WhiteElo "2009"]
[BlackElo "1707"]
[PlyCount "128"]
[GameId "2160767910294382"]
[EventDate "2008.11.13"]
[EventType "swiss"]
[EventRounds "5"]
[EventCountry "CAN"]
[SourceTitle "EXT 2011"]
[Source "ChessBase"]
[SourceDate "2011.11.26"]
[SourceVersion "1"]
[SourceVersionDate "2011.11.26"]
[SourceQuality "1"]

1. Nf3 f5 2. g3 Nf6 3. Bg2 g6 4. O-O Bg7 5. d4 O-O 6. c4 d6 7. Nc3 Qe8 8. d5 Na6 9. Nd4 Bd7 10. Ne6 Bxe6 11. dxe6 c6 12. e4 Nxe4 13. Nxe4 fxe4 14. Be3 Qc8 15. Bh3 Nb4 16. Bd4 Bxd4 17. Qxd4 Nc2 18. Qxe4 Nxa1 19. Rxa1 Qc7 20. Rd1 Rf6 21. Bf1 Raf8 22. Rd2 Qb6 23. Qe1 Qc5 24. b3 Rf5 25. Bh3 Re5 26. Qd1 Rf6 27. Kg2 Rfxe6 28. Bxe6+ Rxe6 29. h4 Qe5 30. Qf3 Qe4 31. Qxe4 Rxe4 32. Kf3 Re1 33. Kf4 Kg7 34. f3 h5 35. Kg5 Re5+ 36. Kf4 Re1 37. Kg5 Re5+ 38. Kf4 c5 39. a3 Re1 40. Rd3 a5 41. a4 Kf6 42. g4 e5+ 43. Kg3 Ke6 44. Kf2 Rh1 45. gxh5 Rxh4 46. hxg6 Rh6 47. Rd1 Rxg6 48. Rh1 Rf6 49. Ke3 d5 50. cxd5+ Kxd5 51. Rd1+ Ke6 52. Rd8 Rf4 53. Re8+ Kd6 54. Rd8+ Kc6 55. Rc8+ Kb6 56. Re8 Rb4 57. Rxe5 Rxb3+ 58. Ke2 Rb4 59. Ke3 Rxa4 60. f4 Ra1 61. Ke2 a4 62. f5 a3 63. Re3 a2 64. Ra3 Rh1 0-1

[Event "Montcalm III 2008-09"]
[Site "Quebec CAN"]
[Date "2008.12.04"]
[Round "4"]
[White "Bourassa, Andre"]
[Black "Chabot, Sebastien"]
[Result "1-0"]
[WhiteElo "1791"]
[BlackElo "975"]
[PlyCount "77"]
[GameId "2160767910294383"]
[EventDate "2008.11.13"]
[EventType "swiss"]
[EventRounds "5"]
[EventCountry "CAN"]

1. d4 d5 2. c4 Nf6 3. cxd5 e6 4. dxe6 Bxe6 5. Nc3 Nc6 6. e3 a6 7. a3 Bd6 8. Bd3 Bg4 9. f3 Be6 10. Nge2 Na5 11. e4 Nh5 12. O-O Bxh2+ 13. Kxh2 Qh4+ 14. Kg1 O-O-O 15. d5 Ng3 16. Nxg3 Bh3 17. Nce2 Bd7 18. b4 Nc6 19. dxc6 Bxc6 20. Qc2 Qf6 21. Bf4 Rd7 22. e5 Qe6 23. Bf5 Qe7 24. Nd4 Qh4 25. Bxd7+ Bxd7 26. Rac1 c6 27. Nge2 g5 28. Bg3 Qh5 29. b5 axb5 30. Nxb5 Kb8 31. e6+ Kc8 32. exd7+ Kxd7 33. Qf5+ Ke8 34. Qc8+ Ke7 35. Bd6+ Kf6 36. Qxh8+ Ke6 37. Qe5+ Kd7 38. Qe7+ Kc8 39. Qc7# 1-0

[Event "Montcalm III 2008-09"]
[Site "Quebec CAN"]
[Date "2008.12.04"]
[Round "4"]
[White "Caron, Sebastien"]
[Black "Plante, Rejean"]
[Result "1/2-1/2"]
[WhiteElo "1918"]
[BlackElo "2047"]
[PlyCount "92"]
[GameId "2160767910294384"]
[EventDate "2008.11.13"]
[EventType "swiss"]
[EventRounds "5"]
[EventCountry "CAN"]
[SourceTitle "EXT 2011"]
[Source "ChessBase"]
[SourceDate "2011.11.26"]
[SourceVersion "1"]
[SourceVersionDate "2011.11.26"]
[SourceQuality "1"]

1. e4 c5 2. Nf3 Nc6 3. d4 cxd4 4. Nxd4 e6 5. Nxc6 bxc6 6. Bd3 Nf6 7. O-O d5 8. Nd2 Be7 9. e5 Nd7 10. Qg4 Nxe5 11. Qxg7 Bf6 12. Qg3 Nxd3 13. Qxd3 O-O 14. f4 Qb6+ 15. Kh1 Ba6 16. Qg3+ Kh8 17. Rf3 Rg8 18. Qf2 Qxf2 19. Rxf2 Bd4 20. Rf3 Be2 21. Rb3 c5 22. Nf3 Bf2 23. Be3 Bxf3 24. gxf3 Bxe3 25. Rxe3 Rab8 26. Rb3 c4 27. Rxb8 Rxb8 28. b3 Kg7 29. Kg2 a5 30. Kf2 Kf6 31. Ke3 Rc8 32. Rd1 cxb3 33. cxb3 Rc2 34. Rd2 Rxd2 35. Kxd2 Kf5 36. Ke3 d4+ 37. Kxd4 Kxf4 38. a3 e5+ 39. Kd5 f5 40. b4 axb4 41. axb4 e4 42. fxe4 fxe4 43. b5 e3 44. b6 e2 45. b7 e1=Q 46. b8=Q+ Kf3 1/2-1/2

[Event "Montcalm III 2008-09"]
[Site "Quebec CAN"]
[Date "2008.12.04"]
[Round "4"]
[White "Cournoyer, Dominic"]
[Black "Dumont, Eric"]
[Result "1-0"]
[WhiteElo "1958"]
[BlackElo "1608"]
[PlyCount "83"]
[GameId "2160767910294385"]
[EventDate "2008.11.13"]
[EventType "swiss"]
[EventRounds "5"]
[EventCountry "CAN"]
[SourceTitle "EXT 2011"]
[Source "ChessBase"]
[SourceDate "2011.11.26"]
[SourceVersion "1"]
[SourceVersionDate "2011.11.26"]
[SourceQuality "1"]

1. c4 c5 2. Nf3 Nf6 3. d4 cxd4 4. Nxd4 b6 5. g3 Bb7 6. Nf3 e6 7. Bg2 Bc5 8. O-O O-O 9. a3 d5 10. b4 Be7 11. Nd4 Qd7 12. cxd5 Bxd5 13. Nc3 Bxg2 14. Kxg2 Rd8 15. Nf3 Qb7 16. Qb3 Nc6 17. Kg1 Rd7 18. Bb2 Rad8 19. Rac1 Nd4 20. Nxd4 Rxd4 21. Nb5 R4d7 22. Rfd1 Nd5 23. Qf3 Qb8 24. Nd4 Bg5 25. Nc6 Qa8 26. e3 Re8 27. Ne5 Rde7 28. h4 Bf6 29. e4 Bxe5 30. Bxe5 Nf6 31. Bxf6 gxf6 32. Qxf6 Qxe4 33. Rd4 Qe2 34. Rcc4 h5 35. Re4 Qd1+ 36. Kg2 Kh7 37. Rcd4 Qc2 38. Qg5 f5 39. Qxh5+ Kg7 40. Rg4+ fxg4 41. Rxg4+ Kf6 42. Qg5+ 1-0

[Event "Montcalm III 2008-09"]
[Site "Quebec CAN"]
[Date "2008.12.04"]
[Round "4"]
[White "Drolet, Stephane"]
[Black "Caire, Francois"]
[Result "0-1"]
[WhiteElo "2096"]
[BlackElo "2196"]
[PlyCount "77"]
[GameId "2160767910294386"]
[EventDate "2008.11.13"]
[EventType "swiss"]
[EventRounds "5"]
[EventCountry "CAN"]
[SourceTitle "EXT 2011"]
[Source "ChessBase"]
[SourceDate "2011.11.26"]
[SourceVersion "1"]
[SourceVersionDate "2011.11.26"]
[SourceQuality "1"]

1. Nf3 Nf6 2. c4 e6 3. Nc3 Bb4 4. Qc2 O-O 5. a3 Bxc3 6. Qxc3 b6 7. e3 Bb7 8. Be2 c5 9. O-O d6 10. b4 Nbd7 11. Bb2 e5 12. d3 Re8 13. b5 d5 14. cxd5 Nxd5 15. Qb3 Re6 16. Rfc1 Nc7 17. e4 Re8 18. g3 Qe7 19. Nd2 Ne6 20. Nc4 Nd4 21. Bxd4 cxd4 22. a4 Nc5 23. Qa3 f5 24. f3 Rf8 25. Qa2 Kh8 26. a5 Rf6 27. axb6 axb6 28. Qc2 Rc8 29. exf5 Bd5 30. Nd2 Rxf5 31. Ne4 Rff8 32. Qb2 Bxe4 33. fxe4 Qg5 34. Kg2 Qe3 35. Bf1 Nxd3 36. Rxc8 Qf3+ 37. Kg1 Nxb2 38. Rxf8+ Qxf8 39. Ra2 0-1

[Event "Montcalm III 2008-09"]
[Site "Quebec CAN"]
[Date "2008.12.04"]
[Round "4"]
[White "Fortier, Bertrand"]
[Black "Perron, Jonathan"]
[Result "1-0"]
[WhiteElo "1624"]
[BlackElo "1924"]
[PlyCount "61"]
[GameId "2160767910294387"]
[EventDate "2008.11.13"]
[EventType "swiss"]
[EventRounds "5"]
[EventCountry "CAN"]
[SourceTitle "EXT 2011"]
[Source "ChessBase"]
[SourceDate "2011.11.26"]
[SourceVersion "1"]
[SourceVersionDate "2011.11.26"]
[SourceQuality "1"]

1. e4 c5 2. Bc4 e6 3. Nc3 a6 4. a4 Nc6 5. d3 g6 6. f4 Bg7 7. Bd2 Nge7 8. Nf3 O-O 9. e5 d6 10. exd6 Nf5 11. O-O Ncd4 12. Nxd4 Bxd4+ 13. Kh1 b6 14. Rb1 Nxd6 15. Bb3 h5 16. Qf3 Bb7 17. Qh3 Nf5 18. Rbe1 Kg7 19. Re2 h4 20. Be1 Rh8 21. Ne4 Bd5 22. Bxd5 Qxd5 23. c3 Bf6 24. Nxf6 Kxf6 25. c4 Qd4 26. Bc3 Ng3+ 27. hxg3 hxg3 28. Bxd4+ cxd4 29. Qxh8+ Rxh8+ 30. Kg1 Rh2 31. Rf3 1-0

[Event "Montcalm III 2008-09"]
[Site "Quebec CAN"]
[Date "2008.12.04"]
[Round "4"]
[White "Lapierre, Gaetan"]
[Black "Sauve, Richard"]
[Result "0-1"]
[WhiteElo "1888"]
[BlackElo "1971"]
[PlyCount "72"]
[GameId "2160767910294388"]
[EventDate "2008.11.13"]
[EventType "swiss"]
[EventRounds "5"]
[EventCountry "CAN"]
[SourceTitle "EXT 2011"]
[Source "ChessBase"]
[SourceDate "2011.11.26"]
[SourceVersion "1"]
[SourceVersionDate "2011.11.26"]
[SourceQuality "1"]

1. e4 e6 2. d4 d5 3. exd5 exd5 4. Bd3 Nc6 5. c3 Bd6 6. Nf3 Bg4 7. O-O Nge7 8. Re1 Qd7 9. Nbd2 O-O-O 10. b4 Ng6 11. Qa4 Kb8 12. b5 Nce7 13. Ba3 Nf4 14. Bf1 Bxa3 15. Qxa3 Neg6 16. Ne5 Nxe5 17. Rxe5 Rhe8 18. Re3 Rxe3 19. fxe3 Ng6 20. c4 dxc4 21. Nxc4 Be6 22. Na5 Bd5 23. Rc1 Re8 24. Nc6+ bxc6 25. bxc6 Bxc6 26. Rb1+ Ka8 27. Qb4 Qe7 28. Qb2 Qxe3+ 29. Kh1 Nf4 30. h3 Nxh3 31. Bb5 Bxb5 32. Qxb5 Nf2+ 33. Kh2 Ng4+ 34. Kh1 Qe1+ 35. Qf1 Qh4+ 36. Kg1 Qh2# 0-1

[Event "Montcalm III 2008-09"]
[Site "Quebec CAN"]
[Date "2008.12.11"]
[Round "5"]
[White "Caire, Francois"]
[Black "Sauve, Richard"]
[Result "1/2-1/2"]
[WhiteElo "2196"]
[BlackElo "1971"]
[PlyCount "23"]
[GameId "2160767910294389"]
[EventDate "2008.11.13"]
[EventType "swiss"]
[EventRounds "5"]
[EventCountry "CAN"]
[SourceTitle "EXT 2011"]
[Source "ChessBase"]
[SourceDate "2011.11.26"]
[SourceVersion "1"]
[SourceVersionDate "2011.11.26"]
[SourceQuality "1"]

1. d4 d5 2. Nf3 e6 3. e3 Bd6 4. b3 c6 5. Bb2 f5 6. Be2 Nf6 7. O-O Qe7 8. c4 O-O 9. Qc1 b6 10. Ba3 Bxa3 11. Qxa3 Qxa3 12. Nxa3 1/2-1/2

[Event "Montcalm III 2008-09"]
[Site "Quebec CAN"]
[Date "2008.12.11"]
[Round "5"]
[White "Chevalier, Philippe"]
[Black "Bourassa, Andre"]
[Result "1-0"]
[WhiteElo "1615"]
[BlackElo "1791"]
[PlyCount "73"]
[GameId "2160767910294390"]
[EventDate "2008.11.13"]
[EventType "swiss"]
[EventRounds "5"]
[EventCountry "CAN"]

1. e4 c5 2. Nf3 d6 3. Bb5+ Bd7 4. a4 Nc6 5. O-O g6 6. Re1 e5 7. Nc3 Nge7 8. Ng5 f6 9. Nf3 Be6 10. Ne2 a6 11. Bxc6+ bxc6 12. c3 Rb8 13. d4 Bb3 14. Qd3 c4 15. Qe3 Qc7 16. Nd2 Bg7 17. Ra3 O-O 18. Qh3 f5 19. dxe5 Bxe5 20. Nxb3 cxb3 21. Bg5 fxe4 22. Qe6+ Rf7 23. Nc1 Bxc3 24. bxc3 b2 25. Nb3 Nd5 26. Rb1 Nxc3 27. Rxb2 Nd1 28. Rd2 Qb6 29. Nd4 Nxf2 30. Rb3 Qa7 31. Rxf2 Rbf8 32. Be3 Kg7 33. Nf5+ Rxf5 34. Bxa7 R8f6 35. Rb7+ Kh6 36. Be3+ g5 37. Qxf6+ 1-0

[Event "Montcalm III 2008-09"]
[Site "Quebec CAN"]
[Date "2008.12.11"]
[Round "5"]
[White "Dube, Daniel"]
[Black "Cournoyer, Dominic"]
[Result "1-0"]
[WhiteElo "1707"]
[BlackElo "1958"]
[PlyCount "61"]
[GameId "2160767910294391"]
[EventDate "2008.11.13"]
[EventType "swiss"]
[EventRounds "5"]
[EventCountry "CAN"]
[SourceTitle "EXT 2011"]
[Source "ChessBase"]
[SourceDate "2011.11.26"]
[SourceVersion "1"]
[SourceVersionDate "2011.11.26"]
[SourceQuality "1"]

1. Nf3 d5 2. d4 Nf6 3. Bf4 e6 4. e3 Be7 5. Bd3 b6 6. Ne5 Bb7 7. Nd2 O-O 8. Qf3 Nbd7 9. Qh3 c5 10. c3 cxd4 11. exd4 Re8 12. Ndf3 Ne4 13. Nxd7 Qxd7 14. Ne5 Qc8 15. f3 Nf6 16. g4 g6 17. Qg3 Ba6 18. Bxa6 Qxa6 19. h4 Qb5 20. Qf2 Bd6 21. h5 Bxe5 22. dxe5 Nd7 23. hxg6 fxg6 24. O-O-O Qc4 25. Rd4 Qxa2 26. Qh4 Nf8 27. Bh6 Nd7 28. Bg7 h5 29. gxh5 Nc5 30. Kc2 Qb3+ 31. Kb1 1-0

[Event "Montcalm III 2008-09"]
[Site "Quebec CAN"]
[Date "2008.12.11"]
[Round "5"]
[White "Plante, Rejean"]
[Black "Fortier, Bertrand"]
[Result "1-0"]
[WhiteElo "2047"]
[BlackElo "1624"]
[PlyCount "113"]
[GameId "2160767910294392"]
[EventDate "2008.11.13"]
[EventType "swiss"]
[EventRounds "5"]
[EventCountry "CAN"]
[SourceTitle "EXT 2011"]
[Source "ChessBase"]
[SourceDate "2011.11.26"]
[SourceVersion "1"]
[SourceVersionDate "2011.11.26"]
[SourceQuality "1"]

1. c4 Nf6 2. Nc3 e6 3. Nf3 d5 4. d4 c5 5. dxc5 Bxc5 6. a3 a5 7. e3 Nc6 8. Na4 b6 9. cxd5 exd5 10. Bb5 Bd7 11. Nxc5 bxc5 12. O-O O-O 13. Qa4 Qb6 14. Rd1 Rab8 15. Bxc6 Bxc6 16. Qf4 Qb3 17. Bd2 a4 18. Bc3 Ne4 19. Nd2 Nxc3 20. bxc3 Qxc3 21. Rac1 Qxa3 22. Qd6 Ba8 23. Rxc5 Rb2 24. Rxd5 Qxd6 25. Rxd6 Rb4 26. Nb1 Be4 27. Nc3 Bc2 28. R1d2 Bb3 29. f3 Rc4 30. Nb5 Rc1+ 31. Kf2 Rc2 32. Rxc2 Bxc2 33. Nd4 Rc8 34. Ke1 Kf8 35. Rd7 Bb3 36. Kd2 Ke8 37. Rb7 Rd8 38. Kc3 Rc8+ 39. Kd3 Rd8 40. h4 h5 41. e4 g6 42. Ke3 Rc8 43. Kf4 Rc3 44. g4 Rd3 45. gxh5 gxh5 46. Nxb3 Rxb3 47. Ra7 a3 48. e5 Rc3 49. Ke4 Rc4+ 50. Kf5 Rxh4 51. Rxa3 Ke7 52. Ra7+ Kf8 53. Kg5 Rh3 54. f4 Rf3 55. f5 Re3 56. Kf6 Ke8 57. Re7+ 1-0

[Event "Montcalm IV 2007-08"]
[Site "Quebec CAN"]
[Date "2008.01.10"]
[Round "1"]
[White "Auger, Bertrand"]
[Black "Bernatchez, Dan"]
[Result "1/2-1/2"]
[WhiteElo "2003"]
[BlackElo "1948"]
[PlyCount "52"]
[GameId "2160767910549175"]
[EventDate "2008.01.10"]
[EventType "swiss"]
[EventRounds "5"]
[EventCountry "CAN"]
[SourceTitle "EXT 2011"]
[Source "ChessBase"]
[SourceDate "2011.11.26"]
[SourceVersion "1"]
[SourceVersionDate "2011.11.26"]
[SourceQuality "1"]

1. Nf3 Nf6 2. g3 c5 3. Bg2 d5 4. O-O Nc6 5. d4 e6 6. c4 Be7 7. cxd5 exd5 8. Nc3 O-O 9. dxc5 Bxc5 10. Na4 Be7 11. Be3 b6 12. Nd4 Nxd4 13. Bxd4 Be6 14. Qd2 Rc8 15. Rfc1 Qd7 16. Qd1 Ne4 17. Nc3 f5 18. e3 Qb7 19. Ne2 Bd6 20. Nf4 Bf7 21. Nd3 Be6 22. Ne5 Qb8 23. f4 Rxc1 24. Rxc1 Rc8 25. Bf1 Qb7 26. a3 Rc7 1/2-1/2

[Event "Montcalm IV 2007-08"]
[Site "Quebec CAN"]
[Date "2008.01.10"]
[Round "1"]
[White "Caire, Francois"]
[Black "Sauve, Richard"]
[Result "1/2-1/2"]
[WhiteElo "2211"]
[BlackElo "1961"]
[PlyCount "37"]
[GameId "2160767910549176"]
[EventDate "2008.01.10"]
[EventType "swiss"]
[EventRounds "5"]
[EventCountry "CAN"]
[SourceTitle "EXT 2011"]
[Source "ChessBase"]
[SourceDate "2011.11.26"]
[SourceVersion "1"]
[SourceVersionDate "2011.11.26"]
[SourceQuality "1"]

1. d4 d5 2. Nf3 e6 3. c4 c6 4. Nbd2 f5 5. g3 Nf6 6. Bg2 Bd6 7. O-O O-O 8. b3 Ne4 9. Bb2 Nd7 10. Ne1 Nxd2 11. Qxd2 Nf6 12. Nd3 b6 13. Rac1 Bb7 14. Ne5 Qe7 15. e3 Rac8 16. Rfd1 g5 17. cxd5 cxd5 18. Rxc8 Rxc8 19. Rc1 1/2-1/2

[Event "Montcalm IV 2007-08"]
[Site "Quebec CAN"]
[Date "2008.01.10"]
[Round "1"]
[White "Caron, Sebastien"]
[Black "Myre, Eric"]
[Result "1-0"]
[WhiteElo "1916"]
[BlackElo "1938"]
[PlyCount "47"]
[GameId "2160767910549177"]
[EventDate "2008.01.10"]
[EventType "swiss"]
[EventRounds "5"]
[EventCountry "CAN"]
[SourceTitle "EXT 2011"]
[Source "ChessBase"]
[SourceDate "2011.11.26"]
[SourceVersion "1"]
[SourceVersionDate "2011.11.26"]
[SourceQuality "1"]

1. e4 c5 2. Nf3 Nc6 3. d4 cxd4 4. Nxd4 g6 5. c4 Bg7 6. Be3 Nf6 7. f3 Qb6 8. Nf5 Qxb2 9. Nxg7+ Kf8 10. Bh6 Qxa1 11. g4 d6 12. c5 Kg8 13. cxd6 exd6 14. Bc4 Qd4 15. Qb3 Ne5 16. Be2 a5 17. a3 a4 18. Qa2 Nd3+ 19. Bxd3 Qxd3 20. Qb2 Qb3 21. Qxf6 Bxg4 22. Nf5 Qxb1+ 23. Kf2 Qb2+ 24. Qxb2 1-0